01386 a2200193 45000010006000000050017000060080041000230030015000640400040000790800034001192450027001530200018001802500013001982640043002113000020002545050774002741000026010488560118010741365520260407155443.0260407a2004 arg spa dAR-UNSa-BCEJYS aAR-UNSa-BCEJYSbspacAR-UNSa-BCEJYS a342.9xDerecho Administrativo10aDerecho administrativo a987-507-281-8 a10a. ed. 1aBuenos Aires :bCiudad Argentinac2004 a1630 p.c24 cm. a1. El derecho público en el siglo XXI - 2. Constitución y estado - 3. Libertad y autoridad - 4. Administración y derecho - 5. Derecho administrativo - 6. Acto administrativo - 7. Hecho administrativo - 8. Reglamento administrativo - 9. Actuación interadministrativa - 10. Contrato administrativo - 11. Tipos de contratos administrativos - 12. Situación y regulación administrativas - 13. Organización administrativa - 14. Derecho comunitario - 15. Servicio público - 16. Derechos reales administrativos - 17. Policía y poder de policía - 18. Policía de la propiedad - 19. Acción económica de la administración - 20. Fiscalización administrativa - 21. Responsabilidad estatal - 22. Procedimiento administrativo - 23. Proceso administrativo 1 aDromi, José Roberto41uhttps://biblioeco.unsa.edu.ar/pmb/images/libros/Derecho Administrativo2-l87066.jpgyImagen de portadaqimage/jpeg